ARRUPE JESUIT UNIVERSITY

CORONAVIRUS -STOP THE SPREAD - CLEAN,DISINFECT,COVER

Central America : (Record no. 127890)

MARC details
000 -LEADER
fixed length control field 02108cam a22003494a 4500
001 - CONTROL NUMBER
control field 14122056
003 - CONTROL NUMBER IDENTIFIER
control field ARRUPE
005 - DATE AND TIME OF LATEST TRANSACTION
control field 20180411101338.0
008 - FIXED-LENGTH DATA ELEMENTS--GENERAL INFORMATION
fixed length control field 050927s2005 dcuad 000 0 eng c
010 ## - LIBRARY OF CONGRESS CONTROL NUMBER
LC control number 2005299871
020 ## - INTERNATIONAL STANDARD BOOK NUMBER
International Standard Book Number 1589064461
035 ## - SYSTEM CONTROL NUMBER
System control number (OCoLC)ocm61170227
040 ## - CATALOGING SOURCE
Original cataloging agency DOA
Transcribing agency DOA
Modifying agency GHG
-- VP@
-- BAKER
-- AFQ
-- DLC
042 ## - AUTHENTICATION CODE
Authentication code pcc
050 00 - LIBRARY OF CONGRESS CALL NUMBER
Classification number HC141
Item number .C36 2005
082 00 - DEWEY DECIMAL CLASSIFICATION NUMBER
Classification number 337.728
Edition number 22
300 ## - PHYSICAL DESCRIPTION
Other physical details ill., charts,
Dimensions 28 cm.
245 00 - TITLE STATEMENT
Title Central America :
Remainder of title global integration and regional cooperation /
Statement of responsibility, etc edited by Markus Rodlauer and Alfred Schipke.
260 ## - PUBLICATION, DISTRIBUTION, ETC. (IMPRINT)
Place of publication, distribution, etc Washington, D.C. :
Name of publisher, distributor, etc International Monetary Fund,
Date of publication, distribution, etc 2005.
300 ## - PHYSICAL DESCRIPTION
Extent x, 135p. :
440 #0 - SERIES STATEMENT/ADDED ENTRY--TITLE
Title Occasional paper (International Monetary Fund) ;
Volume number/sequential designation no. 243
9 (RLIN) 41376
504 ## - BIBLIOGRAPHY, ETC. NOTE
Bibliography, etc Includes bibliographical references.
505 00 - FORMATTED CONTENTS NOTE
Miscellaneous information Introduction and overview /
Statement of responsibility Markus Rodlauer and Alfred Schipke --
Title Macroeconomic implications of CAFTA-DR /
Statement of responsibility M. Ayhan Kose, Alessandro Rebucci, and Alfred Schipke --
Title Trade liberalization and tax coordination /
Statement of responsibility Chiara Bronchi and Dale Chua --
Title Fiscal sustainability: a value-at-risk approach /
Statement of responsibility Ricardo Adrogué --
Title Regional integration and exchange rate arrangements /
Statement of responsibility Jun Il Kim and Laura Papi --
Title Regional intregration and financial system issues /
Statement of responsibility R. Armando Morales and Alfred Schipke --
Title Regional issues in macroeconomic statistics /
Statement of responsibility Lorraine Ocampos --
Title The political economy of implementing pro-growth and anti-poverty policy strategies in Central America /
Statement of responsibility Luis Breuer and Arturo Cruz.
650 #0 - SUBJECT ADDED ENTRY--TOPICAL TERM
Topical term or geographic name as entry element Free trade
Geographic subdivision Central America.
9 (RLIN) 41377
650 #0 - SUBJECT ADDED ENTRY--TOPICAL TERM
Topical term or geographic name as entry element Foreign exchange rates
Geographic subdivision Central America.
9 (RLIN) 41378
650 #0 - SUBJECT ADDED ENTRY--TOPICAL TERM
Topical term or geographic name as entry element Poverty
Geographic subdivision Central America.
9 (RLIN) 41379
651 #0 - SUBJECT ADDED ENTRY--GEOGRAPHIC NAME
Geographic name Central America
General subdivision Economic integration.
9 (RLIN) 41380
651 #0 - SUBJECT ADDED ENTRY--GEOGRAPHIC NAME
Geographic name Central America
General subdivision Economic conditions
-- Statistics.
9 (RLIN) 41381
700 1# - ADDED ENTRY--PERSONAL NAME
Personal name Rodlauer, Markus.
9 (RLIN) 41382
700 1# - ADDED ENTRY--PERSONAL NAME
Personal name Schipke, Alfred,
Dates associated with a name 1959-
9 (RLIN) 41383
856 41 - ELECTRONIC LOCATION AND ACCESS
Materials specified Table of contents only
Uniform Resource Identifier <a href="http://www.loc.gov/catdir/toc/fy0612/2005299871.html">http://www.loc.gov/catdir/toc/fy0612/2005299871.html</a>
906 ## - LOCAL DATA ELEMENT F, LDF (RLIN)
a 7
b cbc
c pccadap
d 2
e ncip
f 20
g y-gencatlg
942 ## - ADDED ENTRY ELEMENTS (KOHA)
Source of classification or shelving scheme Library of Congress Classification
Koha item type Monograph ( Printed materials)
Holdings
Withdrawn status Lost status Source of classification or shelving scheme Damaged status Not for loan Collection code Home library Current library Shelving location Date acquired Total Checkouts Full call number Barcode Date last seen Price effective from Koha item type
    Library of Congress Classification     Main Collection ARRUPE LIBRARY ARRUPE LIBRARY Main Collection 11/04/2018   HC141 .C36 2005 46600001742 11/04/2018 11/04/2018 Monograph ( Printed materials)

 

Arrupe Library. PO Box MP320 Mt Pleasant, Harare, Zimbabwe
263 242 745411|librarian@aju.ac.zw